[Event "GER-chT U20"]
[Site "Magdeburg"]
[Date "2023.12.29"]
[Round "5.1"]
[White "Kosmehl, Konrad"]
[Black "Sabirov, Rafael"]
[Result "0-1"]
[WhiteElo "1193"]
[BlackElo "2119"]
[PlyCount "80"]
[EventDate "2023.12.26"]
[EventType "team-swiss"]
[EventRounds "7"]
[EventCountry "GER"]
[SourceTitle "CB03_2024"]
[SourceDate "2024.01.17"]
[SourceVersion "1"]
[SourceVersionDate "2024.01.17"]
[SourceQuality "1"]
[WhiteTeam "Lehrte"]
[BlackTeam "Porz SG"]
[WhiteTeamCountry "GER"]
[BlackTeamCountry "GER"]

1. d4 d5 2. Bf4 Nf6 3. e3 c5 4. c3 e6 5. Nf3 Nc6 6. Nbd2 cxd4 7. exd4 Bd6 8. Bg3 Qc7 9. Bd3 0-0 10. Qe2 Re8 11. Ne5 Bd7 12. 0-0 Rab8 13. Ndf3 Rf8 14. Bh4 Ne7 15. g4 Ne8 16. Rae1 b5 17. Nxd7 Qxd7 18. Ne5 Qb7 19. Bxe7 Bxe7 20. Qc2 g6 21. Re3 Bf6 22. a4 a6 23. a5 Rc8 24. b4 Qc7 25. Be2 Nd6 26. f4 Bg7 27. Rc1 Qe7 28. g5 Nf5 29. Rf3 Nxd4 30. Qd2 Nxf3+ 31. Bxf3 Qc7 32. Qd4 Bxe5 33. fxe5 Qc4 34. Qd2 Rc7 35. Bg2 d4 36. Bf1 dxc3 37. Qd6 Qg4+ 38. Kh1 Qxg5 39. Rc2 Qf4 40. Qxc7 Qxf1# 0-1

[Event "Hannover Bezirks-ch U16/18"]
[Site "Lehrte"]
[Date "2020.10.24"]
[Round "2.4"]
[White "Kosmehl, Konrad"]
[Black "Haselhorst, Nils"]
[Result "1/2-1/2"]
[WhiteElo "1556"]
[BlackElo "1781"]
[PlyCount "118"]
[EventDate "2020.10.24"]
[EventType "swiss"]
[EventRounds "5"]
[EventCountry "GER"]
[SourceTitle "EXT 2023"]
[Source "ChessBase"]
[SourceDate "2022.10.05"]
[SourceVersion "1"]
[SourceVersionDate "2022.10.05"]
[SourceQuality "1"]

1. d4 Nf6 2. e3 d5 3. Bd3 c5 4. c3 Qc7 5. Nd2 Nc6 6. f4 g6 7. Ngf3 Bf5 8. Bxf5 gxf5 9. Ne5 Nxe5 10. fxe5 Ne4 11. Qh5 Nxd2 12. Bxd2 e6 13. Qg5 Qe7 14. Qh5 h6 15. 0-0-0 Rg8 16. Qe2 c4 17. Be1 b5 18. Rg1 Qb7 19. h3 Rb8 20. g4 b4 21. Rg2 fxg4 22. hxg4 bxc3 23. Bxc3 Bb4 24. Qc2 a5 25. Re1 Ke7 26. e4 a4 27. exd5 Qxd5 28. Ree2 a3 29. Bxb4+ Rxb4 30. bxa3 Rb7 31. Qc3 Rgb8 32. Rb2 Rxb2 33. Rxb2 Qh1+ 34. Kc2 Qg2+ 35. Kb1 Qf1+ 36. Kc2 Qf2+ 37. Kc1 Qg1+ 38. Kc2 Qh2+ 39. Kc1 Qh1+ 40. Kc2 Qe4+ 41. Kc1 Qf4+ 42. Kc2 Qf2+ 43. Kc1 Rxb2 44. Qxb2 Qf1+ 45. Kc2 Qd3+ 46. Kc1 Kf8 47. Qb4+ Kg8 48. a4 c3 49. Qb3 Qxd4 50. Qd1 Qxe5 51. Qd8+ Kg7 52. a5 Qe4 53. g5 Qf4+ 54. Kc2 hxg5 55. a6 Qa4+ 56. Kxc3 Qxa6 57. Qxg5+ Kf8 58. Qd8+ Kg7 59. Qg5+ Kf8 1/2-1/2

[Event "Niedersachsen-ch op-B"]
[Site "Verden an der Aller"]
[Date "2020.01.02"]
[Round "1"]
[White "Michelitsch, Mario"]
[Black "Kosmehl, Konrad"]
[Result "0-1"]
[WhiteElo "1598"]
[BlackElo "1137"]
[PlyCount "68"]
[EventDate "2020.01.02"]
[EventType "swiss"]
[EventRounds "7"]
[EventCountry "GER"]
[SourceTitle "EXT 2023"]
[Source "ChessBase"]
[SourceDate "2022.10.05"]
[SourceVersion "1"]
[SourceVersionDate "2022.10.05"]
[SourceQuality "1"]

1. e4 c6 2. d4 d5 3. e5 c5 4. dxc5 Nc6 5. Nf3 Bg4 6. Bb5 Qa5+ 7. Nc3 e6 8. Bd2 Rc8 9. a3 Bxf3 10. gxf3 Nge7 11. b4 Qc7 12. f4 Ng6 13. Bd3 Be7 14. Nb5 Qd7 15. Nd6+ Bxd6 16. cxd6 0-0 17. Bxg6 hxg6 18. c3 f6 19. Qe2 fxe5 20. fxe5 Rf5 21. f4 g5 22. 0-0 Rcf8 23. Be3 gxf4 24. Bd4 f3 25. Qe3 Rf4 26. Rf2 Qd8 27. Kf1 Qh4 28. Qd3 Qh3+ 29. Ke1 Qg4 30. Be3 Re4 31. Kd2 Nxe5 32. Qb5 Nc4+ 33. Kc2 Nxe3+ 34. Kb3 Nc4 0-1

[Event "Hannover Bezirks-ch U16"]
[Site "Lehrte"]
[Date "2019.10.05"]
[Round "5.2"]
[White "Kosmehl, Konrad"]
[Black "Bangemann, Mika"]
[Result "1/2-1/2"]
[WhiteElo "1556"]
[BlackElo "1679"]
[PlyCount "120"]
[EventDate "2019.10.03"]
[EventType "swiss"]
[EventRounds "7"]
[EventCountry "GER"]
[SourceTitle "EXT 2023"]
[Source "ChessBase"]
[SourceDate "2022.10.05"]
[SourceVersion "1"]
[SourceVersionDate "2022.10.05"]
[SourceQuality "1"]

1. d4 Nf6 2. Nf3 e6 3. Bf4 c5 4. c3 d5 5. e3 Nh5 6. Bg3 Nd7 7. Bd3 Be7 8. Nbd2 b6 9. 0-0 Bb7 10. e4 Nxg3 11. hxg3 cxd4 12. Nxd4 0-0 13. exd5 Bxd5 14. Qh5 Nf6 15. Qh3 e5 16. Nf5 Be6 17. Nxe7+ Qxe7 18. Qh4 Qd7 19. Be4 Qxd2 20. Bxa8 Rxa8 21. Qb4 Ng4 22. Qe4 Rd8 23. f3 Nf6 24. Qxe5 Re8 25. Rad1 Qxb2 26. Rf2 Qa3 27. Qc7 h6 28. Qc6 Rc8 29. Qb5 Qxc3 30. Qa4 Qc7 31. Rfd2 Qxg3 32. Qxa7 Nd5 33. Qa4 Kh7 34. Qe4+ Kg8 35. Rxd5 Bxd5 36. Qxd5 Qf4 37. Qb7 Rc1 38. Qa8+ Kh7 39. Qd5 Rxd1+ 40. Qxd1 Qe3+ 41. Kf1 Qe6 42. Qc2+ Qg6 43. Qb3 Qe6 44. Qxe6 fxe6 45. Ke2 Kg6 46. Kd3 Kf5 47. Kc4 Kf4 48. Kb5 Kg3 49. Kxb6 Kxg2 50. a4 h5 51. a5 h4 52. a6 h3 53. a7 h2 54. a8Q h1Q 55. f4+ Kg1 56. Qa1+ Kh2 57. Qxg7 Qb1+ 58. Kc5 Qc1+ 59. Kd6 Qxf4+ 60. Kxe6 Qe4+ 1/2-1/2

[Event "Hannover Bezirks-ch U16"]
[Site "Lehrte"]
[Date "2019.10.03"]
[Round "1.4"]
[White "Kosmehl, Konrad"]
[Black "Korb, Jakob"]
[Result "1-0"]
[WhiteElo "1556"]
[BlackElo "1024"]
[PlyCount "39"]
[EventDate "2019.10.03"]
[EventType "swiss"]
[EventRounds "7"]
[EventCountry "GER"]
[SourceTitle "EXT 2023"]
[Source "ChessBase"]
[SourceDate "2022.10.05"]
[SourceVersion "1"]
[SourceVersionDate "2022.10.05"]
[SourceQuality "1"]

1. d4 Nc6 2. Nf3 d5 3. Bf4 Bf5 4. e3 Nf6 5. c4 dxc4 6. Bxc4 e6 7. Nc3 Bb4 8. 0-0 0-0 9. a3 Bd6 10. Bg3 Bxg3 11. fxg3 Re8 12. Ng5 Ng4 13. Nxf7 Qf6 14. Qxg4 Qxf7 15. Rxf5 Qe7 16. Ne4 Kh8 17. Rh5 h6 18. Qg6 Rad8 19. Ng5 Qxg5 20. Qxg5 1-0

[Event "Hannover Bezirk-ch U14"]
[Site "Hannover"]
[Date "2018.10.04"]
[Round "1.1"]
[White "Kosmehl, Konrad"]
[Black "Rasuli, Harasch"]
[Result "1-0"]
[WhiteElo "1454"]
[BlackElo "764"]
[PlyCount "53"]
[EventDate "2018.10.04"]
[EventType "swiss"]
[EventRounds "7"]
[EventCountry "GER"]
[SourceTitle "EXT 2022"]
[Source "ChessBase"]
[SourceDate "2021.10.06"]
[SourceVersion "1"]
[SourceVersionDate "2021.10.06"]
[SourceQuality "1"]

1. d4 d5 2. c4 Nc6 3. Nc3 e6 4. Nf3 dxc4 5. e4 Nf6 6. Bg5 Be7 7. Bxc4 0-0 8. 0-0 h6 9. Bh4 Ng4 10. Bxe7 Qxe7 11. e5 Kh8 12. h3 Nf6 13. exf6 Qxf6 14. d5 exd5 15. Bxd5 Qg6 16. Be4 Qf6 17. Qc2 Nd4 18. Nxd4 Qxd4 19. Qd3 Qf6 20. Qf3 Qxf3 21. Bxf3 Re8 22. Rfe1 Bd7 23. Nd5 Rac8 24. Rxe8+ Rxe8 25. Nxc7 Rc8 26. Nd5 Be6 27. Nc3 1-0

[Event "Hannover-ch U12"]
[Site "Lehrte"]
[Date "2016.10.02"]
[Round "4"]
[White "Kosmehl, Konrad"]
[Black "Dupont, Paul1111"]
[Result "1-0"]
[WhiteElo "1045"]
[BlackElo "968"]
[PlyCount "73"]
[EventDate "2016.10.01"]
[EventType "swiss"]
[EventRounds "11"]
[EventCountry "GER"]
[SourceTitle "EXT 2020"]
[Source "ChessBase"]
[SourceDate "2019.10.17"]
[SourceVersion "1"]
[SourceVersionDate "2019.10.17"]
[SourceQuality "1"]

1. e4 c5 2. Nf3 Nc6 3. Nc3 Nf6 4. d4 cxd4 5. Nxd4 e5 6. Nxc6 bxc6 7. Be3 Bb4 8. Qd2 Nxe4 9. Qd3 Qh4 10. g3 Qg4 11. h3 Qf3 12. Rh2 d5 13. Bg2 Qf5 14. g4 Qg6 15. 0-0-0 Nxc3 16. bxc3 Ba3+ 17. Kd2 e4 18. Qd4 0-0 19. f4 exf3 20. Bxf3 Bd6 21. Bf4 Bxf4+ 22. Qxf4 f5 23. g5 Rd8 24. Re1 c5 25. h4 d4 26. c4 Ba6 27. Bd5+ Kh8 28. h5 Qd6 29. Qxd6 Rxd6 30. Bxa8 Bxc4 31. Re8+ Bg8 32. Rhe2 c4 33. R2e5 g6 34. Bd5 c3+ 35. Kd3 h6 36. Rxg8+ Kh7 37. Re7# 1-0

[Event "Hannover-ch U12"]
[Site "Lehrte"]
[Date "2016.10.01"]
[Round "3"]
[White "Kosmehl, Konrad"]
[Black "Szymanski, Fabio"]
[Result "0-1"]
[WhiteElo "1045"]
[BlackElo "885"]
[PlyCount "44"]
[EventDate "2016.10.01"]
[EventType "swiss"]
[EventRounds "11"]
[EventCountry "GER"]
[SourceTitle "EXT 2020"]
[Source "ChessBase"]
[SourceDate "2019.10.17"]
[SourceVersion "1"]
[SourceVersionDate "2019.10.17"]
[SourceQuality "1"]

1. e4 c5 2. Nf3 e6 3. Bc4 a6 4. d4 cxd4 5. Nxd4 Nc6 6. Nxc6 dxc6 7. Qxd8+ Kxd8 8. 0-0 Nf6 9. Bg5 Be7 10. Bxf6 Bxf6 11. Nc3 Ke7 12. Rad1 Re8 13. Rfe1 Kf8 14. e5 Be7 15. Bd3 b5 16. Bxh7 c5 17. a3 b4 18. axb4 cxb4 19. Na4 Bb7 20. Re3 Rad8 21. g3 Rxd1+ 22. Re1 Rxe1# 0-1

[Event "Hannover-ch U12"]
[Site "Lehrte"]
[Date "2015.10.31"]
[Round "7"]
[White "Kosmehl, Konrad"]
[Black "Albrecht, Jonas"]
[Result "1-0"]
[WhiteElo "846"]
[BlackElo "790"]
[PlyCount "23"]
[EventDate "2015.10.29"]
[EventType "swiss"]
[EventRounds "11"]
[EventCountry "GER"]
[SourceTitle "EXT 2021"]
[Source "ChessBase"]
[SourceDate "2020.10.23"]
[SourceVersion "1"]
[SourceVersionDate "2020.10.23"]
[SourceQuality "1"]

1. e4 e5 2. Nf3 Nc6 3. Nc3 Nf6 4. Bc4 Bd6 5. d3 Nd4 6. Bg5 0-0 7. Nd5 c6 8. Nxf6+ gxf6 9. Bh6 Re8 10. Nxd4 exd4 11. Qg4+ Kh8 12. Qg7# 1-0

[Event "Hannover-ch U12"]
[Site "Lehrte"]
[Date "2015.10.31"]
[Round "9"]
[White "Kosmehl, Konrad"]
[Black "Korb, Jakob"]
[Result "1-0"]
[WhiteElo "846"]
[BlackElo "719"]
[PlyCount "65"]
[EventDate "2015.10.29"]
[EventType "swiss"]
[EventRounds "11"]
[EventCountry "GER"]
[SourceTitle "EXT 2021"]
[Source "ChessBase"]
[SourceDate "2020.10.23"]
[SourceVersion "1"]
[SourceVersionDate "2020.10.23"]
[SourceQuality "1"]

1. e4 e5 2. Nf3 Nc6 3. Nc3 Nf6 4. Bc4 Bc5 5. d3 h6 6. Be3 Bxe3 7. fxe3 d6 8. Qe2 Bg4 9. h3 Bxf3 10. Qxf3 0-0 11. 0-0-0 Ne7 12. g4 c6 13. g5 hxg5 14. h4 g4 15. Qg3 g6 16. Rdf1 Kg7 17. Qf2 Neg8 18. d4 exd4 19. exd4 Qe7 20. Re1 b5 21. Bb3 b4 22. e5 dxe5 23. dxe5 Nd5 24. Nxd5 cxd5 25. Bxd5 Qd8 26. Bxa8 Qxa8 27. h5 Qd5 28. b3 Rd8 29. Rd1 Qa8 30. h6+ Nxh6 31. Qf6+ Kh7 32. Qxf7+ Kh8 33. Rxh6# 1-0

[Event "Hannover-ch U10"]
[Site "Lehrte"]
[Date "2014.10.26"]
[Round "4"]
[White "Chrubasik, Vincent"]
[Black "Kosmehl, Konrad"]
[Result "1/2-1/2"]
[WhiteElo "771"]
[BlackElo "739"]
[PlyCount "80"]
[EventDate "2014.10.25"]
[EventType "swiss"]
[EventRounds "11"]
[EventCountry "GER"]
[SourceTitle "EXT 2021"]
[Source "ChessBase"]
[SourceDate "2020.10.23"]
[SourceVersion "1"]
[SourceVersionDate "2020.10.23"]
[SourceQuality "1"]

1. e4 e5 2. Nf3 Nc6 3. Nc3 Nf6 4. Bb5 a6 5. Bxc6 dxc6 6. Nxe5 Bc5 7. Nf3 Bg4 8. d4 Bb4 9. Bf4 c5 10. dxc5 Qxd1+ 11. Kxd1 0-0 12. e5 Rfd8+ 13. Bd2 Ne8 14. h3 Bxf3+ 15. gxf3 Bxc5 16. Ne4 Bb4 17. c3 Be7 18. h4 a5 19. Ng5 Bxg5 20. hxg5 a4 21. a3 Rd5 22. b4 axb3 23. Rb1 Rxa3 24. Ke1 Ra2 25. Bc1 Rc2 26. Rh4 Rxc3 27. Bb2 Rc2 28. Rd4 Rxd4 29. Bxd4 f5 30. e6 h5 31. Rxb3 h4 32. Kf1 h3 33. Kg1 Rc1+ 34. Kh2 c5 35. Bb2 c4 36. Bxc1 cxb3 37. Kxh3 Nd6 38. e7 Kf7 39. Kg3 Nc4 40. Kf4 g6 1/2-1/2